000 00280nam a22001337a 4500
008 180918b xxu||||| |||| 00| 0 eng d
020 _a9780977222612
041 _aeng
080 _a610
100 _a3
101 _aSHM
245 _aAcp Medicine
_cDale.D.C
942 _2udc
_cBK
999 _c47958
_d47958